000
00326nam a2200133Ia 4500
005
20260328104259.0
008
260328s9999||||xx |||||||||||||| ||und||
100
_a
Lanzargota Vallín, Juan
245
0
_a
Arquitectura 2 /
_c
Juan Lanzargota Vallín
260
_b
Etxeta
300
_a
227 p.
650
_a
HISTORIA
942
_c
BK
999
_c
10534
_d
10534